Slavic (Slav) Countries - Statistics

General Stats
  • This quiz has been taken 11 times
  • The average score is 13 of 13
Answer Stats
Hint Answer % Correct
Russia's best friend Belarus
100%
The main country of Czechoslovakia Czech Republic
100%
Small country bordering Albania,Serbia and Bosnia Montenegro
100%
White and red flag (not Indonesia and Monaco) Poland
100%
The biggest country in the world Russia
100%
Its the only country that uses both cyrillic and latin letters Serbia
100%
The second country in Czechoslovakia Slovakia
100%
Its the first country that left Yugoslavia Slovenia
100%
Currently is in war with Russia Ukraine
100%
Known for its international food ,,cevapi'' Bosnia and Herzegovina
91%
Its got rich history, diverse landscapes and enriching culture Bulgaria
91%
Landlocked country with a massive lake called ,,Ohrid'' North Macedonia
91%
It was in war with Serbia Croatia
82%
No matching quizzes found
Score Distribution
Percent of People with Each Score
Percentile by Number Answered
Your Score History
You have not taken this quiz